000 00444pab a2200157 454500
008 180718b1997 xxu||||| |||| 00| 0 eng d
100 _aKhan, Alimur Haque
245 _aAdoption of new agricultural technology: economic change in Tharus of Uttar Pradesh
260 _c1997
300 _ap.242-53
362 _aMar-Jun
650 _aAgriculture - India - Uttar Pradesh
650 _aAgriculture
773 _aSocial Change
909 _a42990
999 _c42990
_d42990